Badash ka Darbar Ma / (Record no. 593385)
[ view plain ]
| 000 -LEADER | |
|---|---|
| fixed length control field | 00379nam a22001457a 4500 |
| 003 - CONTROL NUMBER IDENTIFIER | |
| control field | NUST |
| 005 - DATE AND TIME OF LATEST TRANSACTION | |
| control field | 20230221105929.0 |
| 082 ## - DEWEY DECIMAL CLASSIFICATION NUMBER | |
| Classification number | 297,BAL |
| 100 ## - MAIN ENTRY--PERSONAL NAME | |
| Personal name | Baloch, Naeem Ahmad |
| 9 (RLIN) | 109281 |
| 245 ## - TITLE STATEMENT | |
| Title | Badash ka Darbar Ma / |
| Statement of responsibility, etc. | Naeem Ahmad Baloch |
| 260 ## - PUBLICATION, DISTRIBUTION, ETC. | |
| Place of publication, distribution, etc. | Daar-us-Salam, |
| Name of publisher, distributor, etc. | Lahore |
| Date of publication, distribution, etc. | 2000 |
| 300 ## - PHYSICAL DESCRIPTION | |
| Extent | 32 p |
| 650 ## - SUBJECT ADDED ENTRY--TOPICAL TERM | |
| Topical term or geographic name entry element | Qasi Syeden Younas (A.S) Part.2 |
| 9 (RLIN) | 109302 |
| 942 ## - ADDED ENTRY ELEMENTS (KOHA) | |
| Source of classification or shelving scheme | |
| Koha item type | Book |
| Withdrawn status | Lost status | Source of classification or shelving scheme | Damaged status | Not for loan | Permanent Location | Current Location | Shelving location | Date acquired | Shelving control number | Total Checkouts | Full call number | Barcode | Date last seen | Price effective from | Koha item type | Public note |
|---|---|---|---|---|---|---|---|---|---|---|---|---|---|---|---|---|
| Military College of Signals (MCS) | Military College of Signals (MCS) | General Stacks | 02/21/2023 | Islamic Books | 297,BAL | MCS33412 | 02/21/2023 | 02/21/2023 | Book | Almirah No.63, Shelf No.2 |
